| 000 | 00735nam a2200289Ia 4500 | ||
|---|---|---|---|
| 005 | 20260324133121.0 | ||
| 008 | 008 260324s9999 xx 000 0 eng d | ||
| 020 | _a9781315198668 | ||
| 037 | _aEBOOK | ||
| 040 | _aCRL | ||
| 040 | _beng | ||
| 040 | _cCRL | ||
| 041 | _2eng | ||
| 041 | _aeng | ||
| 084 | _qCRL | ||
| 100 |
_aErnest Aryeetey; Machiko Nissanke _91191859 |
||
| 245 | 0 | _aComparative Development Experiences of Sub-Saharan Africa and East Asia | |
| 245 | 3 | _bAn Institutional Approach | |
| 260 | _bTaylor and Francis | ||
| 260 | _c2003 | ||
| 365 | _a | ||
| 365 | _b150 | ||
| 856 | _uhttp://www.taylorfrancis.com/books/9781315198668 | ||
| 942 | _cEBOOK | ||
| 999 |
_c1790614 _d1790614 |
||